| 000 | 00765nam a22002052a 4500 | ||
|---|---|---|---|
| 001 | 28126 | ||
| 003 | BD-RjUL | ||
| 005 | 20211209051236.0 | ||
| 008 | 140329s1947 ii f 000 0 eng d | ||
| 035 | _a(BD-RjUL)28207 | ||
| 040 |
_aCLE _cCLE _dOCL _dBD-RjUL _beng |
||
| 041 | _aeng | ||
| 082 |
_a954.0237 _bPOS 1947 |
||
| 100 | 1 |
_aPolier, _q(Antoine-Louis-Henri), _d1741-1795. _986211 |
|
| 245 | 1 | 0 |
_aShah Alam II and his court : _ba narrative of the transactions at the court of Delhy from the year 1771 to the present time / _ced. with introd., notes and appendices by Pratul C. Gupta |
| 260 |
_aCalcutta : _bS.C. Sarkar and sons, _c1947 |
||
| 300 |
_avi, 116 p. : _bplates ; _c20 cm. |
||
| 700 | 1 |
_aGupta, Pratulacandra, _d1910- _979031 |
|
| 942 |
_2ddc _cBK |
||
| 999 |
_c28126 _d28126 |
||